All Oscar-nominated Actors Alphabetically - Statistics

General Stats
  • This quiz has been taken 4,946 times
    502 since last reset
  • The average score is 245 of 500
Answer Stats
Hint Answer % Correct
The Revenant Leonardo DiCaprio
96%
Philadelphia Tom Hanks
95%
Raging Bull Robert De Niro
94%
On the Waterfront Marlon Brando
93%
The Silence of the Lambs Anthony Hopkins
92%
Silver Linings Playbook Bradley Cooper
92%
Manchester by the Sea Casey Affleck
92%
Kramer vs. Kramer Dustin Hoffman
92%
Born on the Fourth of July Tom Cruise
92%
Million Dollar Baby Morgan Freeman
91%
Capote Philip Seymour Hoffman
91%
Gladiator Russell Crowe
91%
Adaptation Chris Cooper
90%
My Left Foot Daniel Day Lewis
90%
Sergeant York Gary Cooper
90%
Skippy Jackie Cooper
90%
Good Will Hunting Matt Damon
90%
Pulp Fiction Samuel L. Jackson
90%
The Pianist Adrien Brody
88%
One Flew Over the Cuckoo's Nest Jack Nicholson
88%
Pirates of the Caribbean Johnny Depp
88%
Once Upon a Time in Hollywood Brad Pitt
87%
The King's Speech Colin Firth
87%
Equus Peter Firth
87%
The English Patient Ralph Fiennes
87%
Good Will Hunting Robin Williams
87%
Scent of a Woman Al Pacino
86%
Training Day Denzel Washington
86%
The Dark Knight Heath Ledger
86%
Champion Kirk Douglas
86%
Hud Melvyn Douglas
86%
Wall Street Michael Douglas
86%
The Fugitive Tommy Lee Jones
86%
Gandhi Ben Kingsley
85%
The Great Dictator Charlie Chaplin
85%
The Fighter Christian Bale
85%
The Great White Hope James Earl Jones
85%
Ray Jamie Foxx
85%
Joker Joaquin Phoenix
85%
Dances with Wolves Kevin Costner
85%
Annie Hall Woody Allen
85%
The Whale Brendan Fraser
84%
Oppenheimer Cillian Murphy
84%
Unforgiven Clint Eastwood
84%
Syriana George Clooney
84%
On Golden Pond Henry Fonda
84%
Les Misérables Hugh Jackman
84%
This Sporting Life Richard Harris
84%
Mystic River Sean Penn
84%
Pollock Ed Harris
83%
No Country for Old Men Javier Bardem
83%
Schindler's List Liam Neeson
83%
Leaving Las Vegas Nicolas Cage
83%
Ulee's Gold Peter Fonda
83%
Running on Empty River Phoenix
83%
Dreamgirls Eddie Murphy
82%
Crazy Heart Jeff Bridges
82%
Dallas Buyers Club Matthew McConaughey
82%
Rocky Sylvester Stallone
82%
Shine Armin Mueller-Stahl
81%
The African Queen Humphrey Bogart
81%
Birdman Michael Keaton
81%
Chaplin Robert Downey Jr.
81%
The Sting Robert Redford
81%
Saturday Night Fever John Travolta
80%
The Color of Money Paul Newman
80%
Bohemian Rhapsody Rami Malek
80%
Ali Will Smith
80%
Penny Serenade Cary Grant
79%
American History X Edward Norton
79%
French Connection Gene Hackman
79%
Witness Harrison Ford
79%
Brokeback Mountain Jake Gyllenhaal
79%
Goodfellas Joe Pesci
79%
Can You Ever Forgive Me? Richard E. Grant
79%
The Imitation Game Benedict Cumberbatch
78%
To Kill a Mockingbird Gregory Peck
78%
East of Eden James Dean
78%
Call Me by Your Name Timothée Chalamet
78%
The Godfather James Caan
77%
The Elephant Man John Hurt
77%
Kiss of the Spider Woman William Hurt
77%
The People vs. Larry Flynt Woody Harrelson
77%
The Theory of Everything Eddie Redmayne
76%
The Last King of Scotland Forest Whitaker
76%
American Beauty Kevin Spacey
76%
Hannah and Her Sisters Michael Caine
76%
It Happened One Night Clark Gable
75%
The Philadelphia Story James Stewart
75%
True Grit John Wayne
75%
Lawrence of Arabia Peter O'Toole
75%
Bonnie and Clyde Warren Beatty
75%
The Banshees of Inisherin Colin Farrell
74%
Jerry Maguire Cuba Gooding Jr.
74%
Hotel Rwanda Don Cheadle
74%
Darkest Hour Gary Oldman
74%
Hamlet Laurence Olivier
74%
Network Ned Beatty
74%
Tender Mercies Robert Duvall
74%
Ben-Hur Charlton Heston
73%
Amadeus F. Murray Abraham
73%
Cold Mountain Jude Law
73%
The Untouchables Sean Connery
73%
At Eternity's Gate Willem Dafoe
73%
Marriage Story Adam Driver
72%
Bridge on the River Kwai Alec Guinness
72%
Save the Tiger Jack Lemmon
72%
Dallas Buyers Club Jared Leto
72%
Moonlight Mahershala Ali
72%
My Fair Lady Rex Harrison
72%
Foxcatcher Steve Carell
72%
Training Day Ethan Hawke
71%
The Robe Richard Burton
71%
Hacksaw Ridge Andrew Garfield
70%
Traffic Benicio del Toro
70%
Lost in Translation Bill Murray
70%
Inglourious Basterds Christoph Waltz
70%
127 Hours James Franco
70%
Reversal of Fortune Jeremy Irons
70%
Little Miss Sunshine Alan Arkin
69%
Elmer Gantry Burt Lancaster
69%
The Deer Hunter Christopher Walken
69%
Bus Stop Don Murray
69%
Gods and Monsters Ian McKellen
69%
Body and Soul John Garfield
69%
Citizen Kane Orson Welles
69%
Life Is Beautiful Roberto Benigni
69%
Half Nelson Ryan Gosling
69%
Elvis Austin Butler
68%
The Social Network Jesse Eisenberg
68%
Moneyball Jonah Hill
68%
Steve Jobs Michael Fassbender
68%
The Last Picture Show Ben Johnson
67%
Arthur Dudley Moore
66%
Marty Ernest Borgnine
66%
The Artist Jean Dujardin
66%
A Fish Called Wanda Kevin Kline
66%
Sinners Michael B. Jordan
66%
Lilies of the Field Sidney Poitier
66%
The King and I Yul Brynner
66%
The Banshees of Inisherin Brendan Gleeson
64%
Boogie Nights Burt Reynolds
64%
Patton George C. Scott
64%
The Hustler Jackie Gleason
64%
Here Comes Mr. Jordan James Gleason
64%
Whiplash J. K. Simmons
64%
Coming Home Jon Voight
64%
The Revenant Tom Hardy
64%
Stalag 17 William Holden
64%
Shine Geoffrey Rush
63%
Yankee Doodle Dandy James Cagney
63%
What's Love Got to Do with It Laurence Fishburne
63%
The Wrestler Mickey Rourke
63%
Mystic River Tim Robbins
63%
The Towering Inferno Fred Astaire
62%
The Sixth Sense Haley Joel Osment
62%
The Departed Mark Wahlberg
62%
The Goodbye Girl Richard Dreyfuss
62%
Giant Rock Hudson
62%
The Hurt Locker Jeremy Renner
61%
The Best Man Lee Tracy
61%
Network Peter Finch
61%
The Aviator Alan Alda
60%
From Here to Eternity Frank Sinatra
60%
Henry V Kenneth Branagh
60%
Dr. Strangelove Peter Sellers
60%
Captains Courageous Spencer Tracy
60%
Trumbo Bryan Cranston
59%
Ma Rainey's Black Bottom Chadwick Boseman
59%
12 Years a Slave Chiwetel Ejiofor
59%
Beginners Christopher Plummer
59%
The Prince of Tides Nick Nolte
59%
Eastern Promises Viggo Mortensen
59%
Going My Way Bing Crosby
58%
Nebraska Bruce Dern
58%
Berkeley Square; Hustle & Flow Leslie Howard; Terrence Howard
58%
A Free Soul Lionel Barrymore
58%
Love Story Ryan O'Neal
58%
The Defiant Ones Tony Curtis
58%
Sons and Lovers Trevor Howard
58%
Tom Jones Albert Finney
57%
The Godfather Part III Andy García
57%
Pain and Glory Antonio Banderas
57%
Judas and the Black Messiah Daniel Kaluuya
57%
Anchors Aweigh Gene Kelly
57%
A Real Pain Kieran Culkin
57%
The Kids Are All Right Mark Ruffalo
57%
The Lovely Bones Stanley Tucci
57%
The Sand Pebbles Steve McQueen
57%
Amadeus Tom Hulce
57%
Cinderella Man Paul Giamatti
56%
Sound of Metal Riz Ahmed
56%
The Trial of the Chicago 7 Sacha Baron Cohen
56%
Harry and Tonto Art Carney
55%
Cyrano de Bergerac Gérard Depardieu
55%
The Cardinal John Huston
55%
Milk Josh Brolin
55%
The Treasure of the Sierra Madre Walter Huston
55%
Fargo William H. Macy
55%
Runaway Train Eric Roberts
54%
Ed Wood Martin Landau
54%
The Apprentice Sebastian Stan
54%
Ordinary People Timothy Hutton
54%
Separate Tables David Niven
53%
Cat Ballou Lee Marvin
53%
The Green Mile Michael Clarke Duncan
53%
Viva Zapata! Anthony Quinn
52%
Driving Miss Daisy Dan Aykroyd
52%
Lion Dev Patel
52%
Bugsy Harvey Keitel
52%
The Search Montgomery Clift
52%
American Fiction Sterling K Brown
52%
The Cooler Alec Baldwin
51%
Sling Blade Billy Bob Thornton
51%
A Room with a View Denholm Elliott
51%
Forrest Gump Gary Sinise
51%
Crash Matt Dillon
51%
The Story of Louis Pasteur Paul Muni
51%
A Star Is Born Sam Elliott
51%
Three Billboards Outside Ebbing, Missouri Sam Rockwell
51%
The Fortune Cookie Walter Matthau
51%
A Officer and a Gentleman, Louis Gossett Jr.
50%
In the Heat of the Night Rod Steiger
50%
All the King's Men Broderick Crawford
49%
Closer Clive Owen
49%
Juno Elliot Page
49%
Salvador James Woods
49%
American Fiction Jeffrey Wright
49%
Iris Jim Broadbent
49%
Cyrano de Bergerac José Ferrer
49%
Everything Everywhere All at Once Ke Huy Quan
49%
The Banshees of Inisherin Barry Keoghan
48%
Cocoon Don Ameche
48%
Dr. Jekyll and Mr. Hyde Fredric March
48%
As Good as It Gets Greg Kinnear
48%
Mona Lisa Bob Hoskins
47%
The Alamo Chill Wills
47%
Dances with Wolves Graham Greene
47%
Judgment at Nuremberg Maximilian Schell
47%
A Double Life Ronald Colman
47%
Living Bill Nighy
46%
The Best Years of Our Lives Harold Russell
46%
Frankenstein Jacob Elordi
46%
A Star Is Born James Mason
46%
Chicago John C. Reilly
46%
All That Jazz Roy Scheider
46%
The Private Life of Henry VIII Charles Laughton
45%
A Song to Remember Cornel Wilde
45%
Frost/Nixon Frank Langella
45%
City Slickers Jack Palance
45%
Oliver! Jack Wild
45%
Babe James Cromwell
45%
Arthur John Gielgud
45%
The Two Popes Jonathan Pryce
45%
Lawrence of Arabia Omar Sharif
45%
Aftersun Paul Mescal
45%
Sideways Thomas Haden Church
45%
Platoon Tom Berenger
45%
Broadcast News Albert Brooks
44%
The More the Merrier Charles Coburn
44%
The Buddy Holly Story Gary Busey
44%
Affliction James Coburn
44%
Cabaret Joel Grey
44%
The World According to Garp John Lithgow
44%
Ordinary People Judd Hirsch
44%
Spartacus Peter Ustinov
44%
Goodbye, Mr. Chips Robert Donat
44%
Come and Get It Walter Brennan
44%
Rocky; They Shoot Horses, Don't They?; Topper Burt Young, Gig Young, Roland Young
43%
Charly Cliff Robertson
43%
Rustin Coleman Domingo
43%
Hoosiers Dennis Hopper
43%
Pelle the Conqueror Max von Sydow
43%
A Man for All Seasons Paul Scofield
43%
In Old Arizona Warner Baxter
43%
Captain Phillips Barkhad Abdi
42%
The Producers Gene Wilder
42%
Disraeli George Arliss
42%
Murphy's Romance James Garner
42%
All the President's Men Jason Robards
42%
Babes in Arms Mickey Rooney
42%
The Straight Story Richard Farnsworth
42%
Sentimental Value Stellan Skarsgård
42%
The Crying Game Stephen Rea
42%
Fiddler on the Roof Topol
42%
Bright Victory; Cool Hand Luke Arthur Kennedy; George Kennedy
41%
Minari Steven Yeun
41%
In the Bedroom Tom Wilkinson
41%
Going My Way Barry Fitzgerald
40%
The Way of All Flesh Emil Jannings
40%
The Exorcist Jason Miller
40%
Twilight of Honor Nick Adams
40%
The Karate Kid Pat Morita
40%
Causeway Brian Tyree Henry
39%
Chariots of Fire Ian Holm
39%
The Power of the Dog Jesse Plemons
39%
Kramer vs. Kramer Justin Henry
39%
The Last Samurai Ken Watanabe
39%
Divorce Italian Style Marcello Mastroianni
39%
Bridge of Spies Mark Rylance
39%
The Madness of King George Nigel Hawthorne
39%
The Lost Weekend Ray Milland
39%
The Visitor Richard Jenkins
39%
The Fixer Alan Bates
38%
Friendly Persuasion Anthony Perkins
38%
A Better Life Demián Bichir
38%
The Sunshine Boys George Burns
38%
Places in the Heart John Malkovich
38%
CODA Troy Kotsur
38%
Do the Right Thing Danny Aiello
37%
Good Night and Good Luck David Strathairn
37%
Round Midnight Dexter Gordon
37%
Roman Holiday Eddie Albert
37%
Bob & Carol & Ted & Alice Elliott Gould
37%
Winter's Bone John Hawkes
37%
On the Waterfront Lee J. Cobb
37%
Revolutionary Road Michael Shannon
37%
The Last Detail Randy Quaid
37%
Jackie Brown Robert Forster
37%
Rob Roy Tim Roth
37%
Reuben, Reuben Tom Conti
37%
Anora Yura Borisov
37%
West Side Story George Chakiris
36%
The Brutalist Guy Pearce
36%
The Crying Game Jaye Davidson
36%
The Apprentice Jeremy Strong
36%
Manchester by the Sea Lucas Hedges
36%
Watch on the Rhine Paul Lukas
36%
The Champ Wallace Beery
36%
Conquest Charles Boyer
34%
Belfast Ciaran Hinds
34%
The Subject Was Roses Jack Albertson
34%
A Tree Grows in Brooklyn James Dunn
34%
A Streetcar Named Desire Karl Malden
34%
The Patriot Lewis Stone
34%
Ship of Fools Michael Dunn
34%
The Heiress Ralph Richardson
34%
The Killing Fields Sam Waterston
34%
The Dresser Tom Courtenay
34%
The Informer Victor McLaglen
34%
One Flew Over the Cuckoo's Nest Brad Dourif
33%
Longtime Companion Bruce Davison
33%
The Big Country Burl Ives
33%
Sinners Delroy Lindo
33%
Seven Beauties Giancarlo Giannini
33%
The Killing Fields Haing S. Ngor
33%
The Dirty Dozen John Cassavetes
33%
Ryan's Daughter John Mills
33%
A Thousand Clowns Martin Balsam
33%
The Story of G.I. Joe Robert Mitchum
33%
A Man for All Seasons Robert Shaw
33%
The Thin Man William Powell
33%
Mr. Smith Goes to Washington Claude Rains
32%
In America Djimon Hounsou
32%
Stand and Deliver Edward James Olmos
32%
Into the Wild Hal Holbrook
32%
Ben-Hur Hugh Griffith
32%
Room at the Top Laurence Harvey
32%
Murder, Inc. Peter Falk
32%
Sweet Bird of Youth Ed Begley
31%
All About Eve George Sanders
31%
In the Name of the Father Pete Postlethwaite
31%
Faces Seymour Cassel
31%
Twelve O'Clock High Dean Jagger
30%
Miracle on 34th Street Edmund Gwenn
30%
Mr. Smith Goes to Washington Harry Carey
30%
The Power of the Dog Kodi Smit-McPhee
30%
Judas and the Black Messiah Lakeith Stanfield
30%
The Postman Massimo Troisi
30%
Sayonara Red Buttons
30%
The Day of the Locust Burgess Meredith
28%
Dog Day Afternoon Chris Sarandon
28%
Star! Daniel Massey
28%
How Green Was My Valley Donald Crisp
28%
The Rose Frederic Forrest
28%
Thunderbolt George Bancroft
28%
Lost Horizon H. B. Warner
28%
Out of Africa Klaus Maria Brandauer
28%
Sound of Metal Paul Raci
28%
Abe Lincoln in Illinois Raymond Massey
28%
Night Must Fall Robert Montgomery
28%
Crossfire Robert Ryan
28%
Stagecoach Thomas Mitchell
28%
A Hatful of Rain Anthony Franciosa
27%
Little Big Man Chief Dan George
27%
Little Children Jackie Earle Haley
27%
The Paper Chase John Houseman
27%
One Night in Miami Leslie Odom Jr.
27%
Johnny Belinda Lew Ayres
27%
The Love Parade Maurice Chevalier
27%
Mourning Becomes Electra Michael Redgrave
27%
The Awful Truth Ralph Bellamy
27%
Rebel Without a Cause Sal Mineo
27%
The Barefoot Contessa Edmond O'Brien
26%
Othello Frank Finlay
26%
Broken Arrow Jeff Chandler
26%
All the King's Men John Ireland
26%
The Turning Point Mikhail Baryshnikov
26%
Ship of Fools Oskar Werner
26%
My Fair Lady Stanley Holloway
26%
The Maltese Falcon Sydney Greenstreet
26%
Mrs. Miniver Walter Pidgeon
26%
Bullets over Broadway Chazz Palminteri
25%
Ride the Pink Horse Thomas Gomez
25%
Johnny Eager Van Heflin
25%
Anne of the Thousand Days Anthony Quayle
24%
Married to the Mob Dean Stockwell
24%
Death of a Salesman Kevin McCarthy
24%
The Godfather Part II Michael V. Gazzo
24%
Cross Creek Rip Torn
24%
The Right Stuff Sam Shepard
24%
Birdman of Alcatraz Telly Savalas
24%
The Secret Agent Wagner Moura
24%
The Big Sky Arthur Hunnicutt
23%
Shane Brandon deWilde
23%
Beau Geste Brian Donlevy
23%
The Best Little Whorehouse in Texas Charles Durning
23%
Sitting Pretty Clifton Webb
23%
When My Baby Smiles at Me Dan Dailey
23%
Who's Afraid of Virginia Woolf? George Segal
23%
The Godfather Part II Lee Strasberg
23%
The Patent Leather Kid Richard Barthelmess
23%
Cimarron Richard Dix
23%
Jagged Edge Robert Loggia
23%
Oliver! Ron Moody
23%
Wilson Alexander Knox
22%
Juarez Brian Aherne
22%
The Seventh Cross Hume Cronyn
22%
Shampoo Jack Warden
22%
The Jolson Story Larry Parks
22%
The Magnificent Yankee Louis Calhern
22%
Sometimes a Great Notion Richard Jaeckel
22%
The Asphalt Jungle Sam Jaffe
22%
The Bridge on the River Kwai Sessue Hayakawa
22%
Billy Budd Terence Stamp
22%
What Ever Happened to Baby Jane? Victor Buono
22%
Bang the Drum Slowly Vincent Gardenia
22%
Wake Island William Bendix
22%
Prizzi's Honor William Hickey
22%
Captain Newman, M.D. Bobby Darin
21%
The Song of Bernadette Charles Bickford
21%
Alibi Chester Morris
21%
Mutiny on the Bounty Franchot Tone
21%
The Flight of the Phoenix Ian Bannen
21%
Give 'em Hell, Harry! James Whitmore
21%
The Corn Is Green John Dall
21%
Spellbound Michael Chekhov
21%
Barton Fink Michael Lerner
21%
My Man Godfrey Mischa Auer
21%
The Young Philadelphians Robert Vaughn
21%
The Mark Stuart Whitman
21%
A Farewell to Arms Vittorio De Sica
21%
A Soldier's Story Adolph Caesar
20%
The Guardsman Alfred Lunt
20%
Romeo and Juliet Basil Rathbone
20%
The Luck of the Irish Cecil Kellaway
20%
Sunset Boulevard Erich von Stroheim
20%
Save the Tiger Jack Gilford
20%
The Apartment Jack Kruschen
20%
Only When I Laugh James Coco
20%
Quo Vadis Leo Genn
20%
Fiddler on the Roof Leonard Frey
20%
The Sand Pebbles Mako
20%
I Remember Mama Oskar Homolka
20%
Sounder Paul Winfield
20%
Lovers and Other Strangers Richard S. Castellano
20%
Kiss of Death Richard Widmark
20%
The Reivers Rupert Crosse
20%
Peyton Place Russ Tamblyn
20%
The Defiant Ones Theodore Bikel
20%
Foreign Correspondent Albert Bassermann
19%
Love Story John Marley
19%
The Hasty Heart Richard Todd
19%
Pigskin Parade Stuart Erwin
19%
The Diary of Anne Frank Ed Wynn
18%
Sahara J. Carrol Naish
18%
Marty Joe Mantell
18%
The Rogue Song Lawrence Tibbett
18%
Victor/Victoria Robert Preston
18%
The Jolson Story William Demarest
18%
Mr. Saturday Night David Paymer
17%
The Affairs of Cellini Frank Morgan
17%
Algiers Gene Lockhart
17%
Ragtime Howard Rollins
17%
The Life of Emile Zola Joseph Schildkraut
17%
Bonnie and Clyde Michael J. Pollard
17%
The Pied Piper Monty Woolley
17%
Written on the Wind Robert Stack
17%
They Knew What They Wanted William Gargan
17%
The General Died at Dawn Akim Tamiroff
16%
Robinson Crusoe Dan O'Herlihy
16%
Mrs. Miniver Henry Travers
16%
Marie Antoinette Robert Morley
16%
The Caine Mutiny Tom Tully
16%
The Front Page Adolphe Menjou
15%
The Great Santini Michael O'Keefe
15%
The Great Dictator Jack Oakie
14%
The Letter James Stephenson
14%
Stalag 17 Robert Strauss
14%
Picnic Arthur O'Connell
13%
No matching quizzes found
Score Distribution
Percent of People with Each Score
Percentile by Number Answered
Your Score History
You have not taken this quiz since the last reset